Constituency interests and delegation in European and American trade policy (Record no. 68295)

000 -LEADER
fixed length control field 00467pab a2200169 454500
008 - FIXED-LENGTH DATA ELEMENTS--GENERAL INFORMATION
fixed length control field 180718b2005 xxu||||| |||| 00| 0 eng d
100 ## - MAIN ENTRY--PERSONAL NAME
Personal name Bievre, Dirk De
245 ## - TITLE STATEMENT
Title Constituency interests and delegation in European and American trade policy
260 ## - PUBLICATION, DISTRIBUTION, ETC.
Date of publication, distribution, etc. 2005
300 ## - PHYSICAL DESCRIPTION
Extent p.1271-296.
362 ## - DATES OF PUBLICATION AND/OR SEQUENTIAL DESIGNATION
Dates of publication and/or sequential designation Dec
650 ## - SUBJECT ADDED ENTRY--TOPICAL TERM
Topical term or geographic name entry element United States - Commerce
650 ## - SUBJECT ADDED ENTRY--TOPICAL TERM
Topical term or geographic name entry element Trade policy
700 ## - ADDED ENTRY--PERSONAL NAME
Personal name Dur, Andreas
773 ## - HOST ITEM ENTRY
Main entry heading Comparative Political Studies
909 ## -
-- 68295
Holdings
Withdrawn status Lost status Damaged status Not for loan Permanent Location Current Location Date acquired Serial Enumeration / chronology Barcode Date last seen Price effective from Koha item type
        Indian Institute of Public Administration Indian Institute of Public Administration 2018-07-19 Volume no: 38, Issue no: 10 AR68751 2018-07-19 2018-07-19 Articles

Powered by Koha